Music Quiz

Random Music or Bands Quiz

Now That's What I Call A Lot of Hits Quiz Stats

 Plays Quiz not verified by Sporcle

Support Sporcle.
Go Orange.
Score 0/30 Timer 10:00
0 Plays Today
# of Appearances Answer % Correct
14Britney Spears
79.1%
11Backstreet Boys
70.6%
6N*Sync
69.8%
7Beyonce
64%
7Justin Timberlake
53.7%
8Rihanna
50.8%
8Destiny's Child
44.7%
5Janet Jackson
40.7%
5P!nk
40.5%
10Nickelback
40.3%
8Black Eyed Peas
39.9%
6Nelly
38.2%
6Kelly Clarkson
37.2%
5U2
31%
7Jennifer Lopez
30.2%
# of Appearances Answer % Correct
7Chris Brown
30.1%
6Jessica Simpson
27.4%
5Coldplay
27.1%
5Fergie
24.5%
5Blink-182
23.8%
6Shakira
21.7%
63 Doors Down
20.4%
5Aaliyah
17%
5R. Kelly
17%
5Pussycat Dolls
15.4%
6Ne-Yo
14.6%
6Daughtry
14.5%
10Keith Urban
13.6%
8Lenny Kravitz
10.9%
5Chingy
8.9%

You're not logged in!

Compare scores with friends on all Sporcle quizzes.
OR
Log In

From the Vault

Spinning Earth VI

by Barbecue

Well, we hope the Earth is spinning. There'd be a lot of problems if it stopped.
Remove Ads.
Support Sporcle.
Get the best of Sporcle when you Go Orange. This ad-free experience offers more features, more stats, and more fun while also helping to support Sporcle. Thank you for becoming a member.

Show Comments

Extras

Top Quizzes Today


Score Distribution

Your Account Isn't Verified!

In order to create a playlist on Sporcle, you need to verify the email address you used during registration. Go to your Sporcle Settings to finish the process.

Report this User

Report this user for behavior that violates our Community Guidelines.

Details: